000
00286nam a2200121Ia 4500
008
190216s9999||||xx |||||||||||||| ||und||
100
_a
Ruddar Dutt And Sundharam Kpm
245
0
_a
Indian Economy
260
_b
S Chand & Co
_c
1995
300
_a
844p
650
_a
Economics
942
_c
BK
999
_c
10151
_d
10151